<?xml version="1.0" encoding="UTF-8"?>
<collection xmlns="http://www.loc.gov/MARC21/slim">
 <record>
  <leader>01557nam a2200217Ia 4500</leader>
  <controlfield tag="001">CTU_91934</controlfield>
  <controlfield tag="008">210402s9999    xx            000 0 und d</controlfield>
  <datafield tag="020" ind1=" " ind2=" ">
   <subfield code="c">85000</subfield>
  </datafield>
  <datafield tag="082" ind1=" " ind2=" ">
   <subfield code="a">895.9228</subfield>
  </datafield>
  <datafield tag="082" ind1=" " ind2=" ">
   <subfield code="b">H103</subfield>
  </datafield>
  <datafield tag="100" ind1=" " ind2=" ">
   <subfield code="a">Đặng, Vương Hưng</subfield>
  </datafield>
  <datafield tag="245" ind1=" " ind2="0">
   <subfield code="a">Nếu tôi là tỷ phú :</subfield>
  </datafield>
  <datafield tag="245" ind1=" " ind2="0">
   <subfield code="b">Tạp văn chọn lọc</subfield>
  </datafield>
  <datafield tag="245" ind1=" " ind2="0">
   <subfield code="c">Đặng Vương Hưng</subfield>
  </datafield>
  <datafield tag="260" ind1=" " ind2=" ">
   <subfield code="a">Hà Nội</subfield>
  </datafield>
  <datafield tag="260" ind1=" " ind2=" ">
   <subfield code="b">Hội Nhà văn và Báo An Ninh Thế Giới</subfield>
  </datafield>
  <datafield tag="260" ind1=" " ind2=" ">
   <subfield code="c">2003</subfield>
  </datafield>
  <datafield tag="520" ind1=" " ind2=" ">
   <subfield code="a">Nếu tôi là tỷ phú, là tập tạp vǎn gồm 33 bài phóng sự, ghi chép, bút ký, tư liệu... được chọn lọc từ hàng trǎm bài viết của Đặng Vương Hưng trong khoảng 5 nǎm qua. Một số bài được rút từ tập Chạy trốn và mất tích đã được ngời đọc đón nhận nhiệt tình và yêu cầu tái bản; được tác giả nâng cao, bổ sung và làm cho mới lại hơn. Đặc biệt mảng tư liệu đã góp phần làm nên sự độc đáo của cuốn sách. Đặng Vương Hưng biết vượt ưthoát khỏi kiểu thống kê, kể lể, những số liệu, việc làm ... để làm sống lại nhiều sự kiện, nhân vật tưởng như đã bị lãng qưuên tronglịch sử.</subfield>
  </datafield>
  <datafield tag="650" ind1=" " ind2=" ">
   <subfield code="a">Vietnamese literature</subfield>
  </datafield>
  <datafield tag="904" ind1=" " ind2=" ">
   <subfield code="i">Năm</subfield>
  </datafield>
  <datafield tag="980" ind1=" " ind2=" ">
   <subfield code="a">Trung tâm Học liệu Trường Đại học Cần Thơ</subfield>
  </datafield>
 </record>
</collection>
